1970's Music "Boogie" Songs - Complete These Song Titles - Statistics

General Stats
  • This quiz has been taken 94 times
    91 since last reset
  • The average score is 4 of 10
Answer Stats
Act Song Title % Correct
Earth, Wind & Fire Boogie {Wonderland}
77%
Heatwave Boogie {Nights}
67%
A Taste Of Honey Boogie {Oogie} {Oogie}
52%
Kool and the Gang {Jungle} Boogie
52%
Jackson 5 {Blame} {It} {On} {The} Boogie
40%
KC & the Sunshine Band Boogie {Shoes}
36%
Baccara {Yes} {Sir}, {I} {Can} Boogie
30%
T.Rex {We} {Love} {To} Boogie
19%
Mott The Hoople {Honaloochie} Boogie
11%
Humble Pie {Natural} {Born} Bugie
10%
No matching quizzes found
Score Distribution
Percent of People with Each Score
Percentile by Number Answered
Your Score History
You have not taken this quiz since the last reset